Sports in ancient Egypt /

Saved in:

Main Author: Touny, Ahmed D. (Author)

Other Authors: Fadali, Mohamed M.

Format: Book

Language: English
German

Subjects:

Tags: Add Tag

No Tags, Be the first to tag this record!

Call Number: GV669 .T614

LEADER 00938namaa2200289 4500
003 OSt
005 20250921073743.0
008 130303s1990 ua a g b 000 0 eng d
010 |a 70157448 
040 |c ARCE Library 
041 1 |a eng  |h ger 
043 |a f-ua--- 
050 1 4 |a GV669   |b .T614  
100 1 |a Touny, Ahmed D.,   |e author  |9 41220 
245 1 0 |a Sports in ancient Egypt /  |c Ahmed D. Touny ; editor, Mohamed M. Fadali. 
246 3 3 |a Tārīkh al-riyāḍah ʻinda qudamāʼ al-Miṣrīyīn. 
264 1 |a [Cairo :  |b Arab Sports Confederation,  |c 1990]. 
300 |a 166, [26] pages :   |b illustrations ;  |c 28 cm. 
500 |a Added title page in Arabic. 
504 |a Includes bibliographical references. 
546 |a In Arabic, English, French and German. 
650 0 |a Sports  |z Egypt  |x History. 
650 0 |a Sports   |z Égypte   |x Histoire. 
700 1 |a Fadali, Mohamed M. 
901 |a reviewed 
942 |c BK  |2 lcc 
999 |c 23195  |d 23195